| 000 | 01224cam a22003737a 4500 | ||
|---|---|---|---|
| 003 | CHAP | ||
| 005 | 20220329141258.0 | ||
| 008 | 050425s2004 us a r 00010 eng d | ||
| 010 | _a65652 | ||
| 011 | _a66624 | ||
| 020 | _a0195165659 | ||
| 035 | _a75086 | ||
| 040 | _cCHAP | ||
| 082 | 0 | 4 |
_a591.14 _bG7 2004 |
| 100 | 0 | 0 |
_aGriffin, James E. _eed. _950679 |
| 245 | 1 | 0 |
_aTextbook of endocrine physiology _c/ed. by James E. Griffin and Sergio R. Ojeda |
| 260 |
_aNew York : _bOxford University, _c2004. |
||
| 300 |
_a431 p. _b: ilus. |
||
| 590 |
_aBATCH-UPD _b10 _c20130109 _lUCH01 _h2357 |
||
| 590 |
_aBATCH-UPD _b10 _c20130110 _lUCH01 _h0649 |
||
| 590 |
_aBATCH-UPD _b10 _c20130111 _lUCH01 _h0000 |
||
| 590 |
_aBATCH-UPD _b10 _c20130409 _lUCH01 _h1930 |
||
| 590 |
_aBATCH-UPD _b10 _c20130410 _lUCH01 _h1646 |
||
| 590 |
_aBATCH-UPD _b10 _c20130914 _lUCH01 _h1305 |
||
| 590 |
_aCONVERSION _b10 _c20130109 _lUCH01 _h1336 |
||
| 650 | 1 | 4 |
_aEndocrinologĂa. _936871 |
| 650 | 1 | 4 |
_aGlándulas endocrinas. _948292 |
| 650 | 1 | 4 |
_aHormonas. _956235 |
| 700 | 0 |
_aOjeda, Sergio R. _eed. _982927 |
|
| 901 | _aBK | ||
| 905 | _aLilia | ||
| 942 | _cLIBRO | ||
| 949 |
_a591.142 G7 2004 _bBC _cLIBRO _d33724000945416 _eLIBRO _h105513 _i75086 _mc/e _si _t$486.00 |
||
| 999 |
_c65652 _d65652 |
||